| 000 | 00478nam a22001697a 4500 | ||
|---|---|---|---|
| 999 |
_c8809 _d8809 |
||
| 003 | AR-CdUCM | ||
| 008 | 190326b ||||| |||| 00| 0 eng d | ||
| 020 | _a9171020659 | ||
| 040 |
_aMUNICIPALIDAD PROVINCIAL DEL CUSCO _cBIBLIOTECA MUNICIPAL DEL CUSCO |
||
| 082 |
_a985.019 / _bP45 |
||
| 100 |
_aPrescott, W. H. _924551 |
||
| 245 |
_aPerus Erovring : _binkarikets fall / |
||
| 260 |
_bNiloe, _c1978. |
||
| 300 |
_a480. _bimágenes. _c24 cm. |
||
| 942 |
_2ddc _cLIBROS |
||
| 945 | _awfj | ||